ბათუმის შოთა რუსთაველის სახელმწიფო უნივერსიტეტის ბიბლიოთეკა

Большой экономический словарь: 19000 терминов. (ბიბ.ჩანაწერი № 38367)

000 -LEADER
fixed length control field 00827nam a2200253Ia 4500
001 - CONTROL NUMBER
control field 4377
003 - CONTROL NUMBER IDENTIFIER
control field GE_BSU
008 - FIXED-LENGTH DATA ELEMENTS--GENERAL INFORMATION
fixed length control field 181216s||||||||xx |||||||||||||| ||und||
020 ## - INTERNATIONAL STANDARD BOOK NUMBER
International Standard Book Number 5893780027
040 ## - CATALOGING SOURCE
Transcribing agency GE_BSU
080 ## - UNIVERSAL DECIMAL CLASSIFICATION NUMBER
Universal Decimal Classification number 330(038)=81"374.81
245 ## - TITLE STATEMENT
Title Большой экономический словарь: 19000 терминов.
245 ## - TITLE STATEMENT
Statement of responsibility, etc. Под ред. А.Н. Азрилияна. ред. М.С. Кондратъева.
250 ## - EDITION STATEMENT
Edition statement Изд. третье. стереотипное.
260 ## - PUBLICATION, DISTRIBUTION, ETC.
Place of publication, distribution, etc. Москва
260 ## - PUBLICATION, DISTRIBUTION, ETC.
Name of publisher, distributor, etc. Ин-т новой экономики.
260 ## - PUBLICATION, DISTRIBUTION, ETC.
Date of publication, distribution, etc. 1998.
300 ## - PHYSICAL DESCRIPTION
Extent 860с. 26см.
653 ## - INDEX TERM--UNCONTROLLED
Uncontrolled term Большой экономический словарь.
653 ## - INDEX TERM--UNCONTROLLED
Uncontrolled term Экономика
653 ## - INDEX TERM--UNCONTROLLED
Uncontrolled term ეკონომიკა
942 ## - ADDED ENTRY ELEMENTS (KOHA)
Koha item type წიგნი
ეგზემპლარები
Withdrawn status Lost status Damaged status Not for loan Date acquired Barcode Date last seen Price effective from Koha item type Public note
        2018-12-17 8399 2018-12-17 2018-12-17 წიგნი საცავი